|
|
|
|
| LEADER |
00000nam a22000005a 4500 |
| 003 |
CL-ChBUA |
| 005 |
20120815104327.0 |
| 008 |
070820s1997 mx ||||| |||| 000 ||spa |
| 020 |
|
|
|a 9688809519
|
| 040 |
|
|
|a CL-ChBUA
|c CL-ChBUA
|
| 082 |
0 |
0 |
|a 155.2
|
| 090 |
|
|
|c 22285
|d 22285
|
| 100 |
1 |
|
|a Carver, Charles S.
|
| 245 |
1 |
0 |
|a Teoría de la personalidad
|
| 250 |
|
|
|a 3ª ed.
|
| 260 |
|
|
|a México, DF.
|b Pearson
|c c1997
|
| 300 |
|
|
|a xxiii, 631 p.
|c 26 cm.
|
| 504 |
|
|
|a il., índice.
|
| 650 |
|
4 |
|a PERSONALIDAD
|
| 700 |
1 |
|
|a scheier, Michael F.
|
| 942 |
|
|
|c LIB
|
| 952 |
|
|
|0 0
|1 0
|2 ddc
|4 0
|6 155_200000000000000_C_331
|7 0
|9 52379
|a UNACH
|b UNACH
|c 100
|d 2007-08-20
|i 40.757
|l 8
|m 1
|o 155.2 / C 331
|p 53472
|r 2023-06-08 00:00:00
|s 2016-11-24
|u 52379
|w 2012-08-08
|y LIB
|
| 999 |
|
|
|c 22285
|d 22285
|